00826nam a2200241Ia 4500003000400000005001700004008004100021020002200062040000700084041000800091082002200099100004100121245006400162250000600226260003800232300001600270365001400286650003100300906007200331942001200403999001900415952015000434OSt20230502153345.0210423s2018 xx 000 0 und d a978-3-319-73998-4 cAL aeng a530.41 223bQUIS aQUINN (John J);YI (Kyung-Soo)996325 aSolid state physics Ed2: principles and modern applications a2 aHeidelbergbSpringer Verlagc2018 axix,594bPB b8149cINR aSolid State Physics996326 aapplications ; Ed2: ; modern ; physics ; principles ; Solid ; state 2ddccBK c170705d170705 001040708PHYaSACPGbSACPGd2020-03-11eBiblios Book Pointg8149.00l2o530.41 QUISpPG017207r2024-05-04 00:00:00s2024-02-09w2021-04-26yBK